| 000 | 00893cam a22002893a 4500 | ||
|---|---|---|---|
| 001 | 26594 | ||
| 003 | PGUSA | ||
| 005 | 20140828083556.0 | ||
| 008 | 080911s2008||||xxu|||||s|||||000 | eng d | ||
| 040 |
_aPGUSA _beng |
||
| 042 | _adc | ||
| 050 | 4 | _aPR | |
| 100 | 1 |
_aShakespeare, William, _d1564-1616 |
|
| 245 | 1 | 0 |
_aTwee Edellieden van Verona _h[electronic resource] / _cWilliam Shakespeare |
| 260 |
_bProject Gutenberg, _c2008 |
||
| 506 | _aPublic domain in the USA. | ||
| 516 | _aElectronic text | ||
| 653 | _aTriangles (Interpersonal relations) -- Drama | ||
| 653 | _aExiles -- Drama | ||
| 653 | _aVerona (Italy) -- Drama | ||
| 653 | _aComedies | ||
| 700 | 1 |
_aBurgersdijk, L. A. J. _q(Leendert Alexander Johannes), _d1828-1900 |
|
| 740 | 0 | _aTwo Gentlemen of Verona. Dutch | |
| 830 | 0 |
_aProject Gutenberg _v26594 |
|
| 856 | 4 | 0 | _uhttp://www.gutenberg.org/ebooks/26594 |
| 942 | _cEB | ||
| 999 |
_c255849 _d255849 |
||